[Event "4NCL/Div2c/SAMS vs. E2E41"]
[Site "Sunningdale ENG"]
[Date "2010.05.02"]
[Round "10.8"]
[White "Norinkeviciute, Rasa"]
[Black "Edgell, Ben P"]
[Result "1/2-1/2"]
[WhiteElo "2025"]
[BlackElo "2100"]
[PlyCount "206"]
[EventDate "2010.05.02"]
[SourceDate "2009.10.24"]

1. c4 Nf6 2. g3 c5 3. Bg2 g6 4. Nc3 Bg7 5. a3 Nc6 6. Rb1 a5 7. Nf3 O-O 8. O-O
d6 9. Ne1 Bd7 10. Nc2 Rb8 11. b4 axb4 12. axb4 cxb4 13. Nxb4 Nxb4 14. Rxb4 Bc6
15. e4 Qa5 16. Rb1 Rfc8 17. Re1 Bd7 18. Bf1 Ng4 19. Nd5 Qc5 20. Ne3 Nxe3 21.
fxe3 Qe5 22. d3 Qg5 23. Bb2 h5 24. Qf3 b5 25. Bxg7 Kxg7 26. cxb5 Rxb5 27. Rxb5
Qxb5 28. d4 Qb2 29. Re2 Qc1 30. Rf2 f6 31. e5 dxe5 32. dxe5 f5 33. Qb7 Qc7 34.
Qb2 Be6 35. Rd2 Rb8 36. Qd4 Rb1 37. Rb2 Qc1 38. Rxb1 Qxb1 39. Qd8 Qb4 40. Qd4
Qb1 41. Qd8 Qb7 42. Qd4 Bd5 43. Kf2 Qc6 44. Be2 Kf7 45. Qb2 Qc5 46. Qb8 Kg7 47.
h4 Bc6 48. Qc7 Kf7 49. Qd8 Qxe5 50. Bc4+ e6 51. Qc8 Qb2+ 52. Be2 Be8 53. Qc7+
Kf8 54. Qh7 Qg7 55. Qxg7+ Kxg7 56. Bd3 Bc6 57. Ke2 Kf6 58. Kf2 Ke5 59. Be2 Kd5
60. Bf3+ Kc5 61. Be2 e5 62. Bd1 Kb4 63. Ke1 Kc3 64. Be2 Bd5 65. Ba6 Be6 66. Bb5
Bf7 67. Ba6 Kb4 68. Kd2 Be6 69. Ke1 Ka5 70. Be2 Kb6 71. Kd2 Kc5 72. Ba6 Bd7 73.
Bb7 Bc6 74. Ba6 Kd5 75. Bd3 Ke6 76. Ke1 Be4 77. Be2 Kf6 78. Kf2 Kg7 79. Bd1 Kh6
80. Be2 g5 81. hxg5+ Kxg5 82. Bd1 Bd5 83. Be2 Bf7 84. Bd1 Kf6 85. Be2 Ke7 86.
Bd1 Kd6 87. Be2 Kc5 88. Bf3 Kd6 89. Bd1 Ke7 90. Be2 Kf6 91. Bd1 Kg5 92. Be2 Kf6
93. Bd1 Kg5 94. Be2 h4 95. gxh4+ Kxh4 96. Bd1 Bh5 97. Bc2 Kg5 98. Bb1 Be8 99.
Bc2 Bc6 100. Bd3 Ba4 101. Bc4 Bc2 102. Bb5 f4 103. exf4+ Kxf4 1/2-1/2

[Event "4NCL/Div2c/BARY vs. CHED"]
[Site "Sunningdale ENG"]
[Date "2010.05.02"]
[Round "10.1"]
[White "Morrison, Graham"]
[Black "Gormally, Daniel W"]
[Result "1/2-1/2"]
[WhiteElo "2328"]
[BlackElo "2491"]
[PlyCount "51"]
[EventDate "2010.05.02"]
[SourceDate "2009.10.24"]

1. d4 Nf6 2. c4 e6 3. g3 c5 4. d5 exd5 5. cxd5 b5 6. Nf3 Bb7 7. e4 Nxe4 8. Bg2
Be7 9. O-O O-O 10. Re1 Nd6 11. Bf4 Re8 12. Nc3 b4 13. Bxd6 Bxd6 14. Rxe8+ Qxe8
15. Nb5 Qf8 16. Ng5 h6 17. Nxd6 Qxd6 18. Ne4 Qb6 19. Qh5 Na6 20. Qe5 Rf8 21.
Nd6 Qc7 22. Re1 Ra8 23. b3 c4 24. bxc4 Nc5 25. Re3 a5 26. Nxf7 1/2-1/2

[Event "4NCL/Div2c/BARY vs. CHED"]
[Site "Sunningdale ENG"]
[Date "2010.05.02"]
[Round "10.2"]
[White "Arkell, Keith C"]
[Black "Berry, Neil"]
[Result "1/2-1/2"]
[WhiteElo "2474"]
[BlackElo "2320"]
[PlyCount "66"]
[EventDate "2010.05.02"]
[SourceDate "2009.10.24"]

1. d4 Nf6 2. Nf3 e6 3. c4 b6 4. a3 Bb7 5. Nc3 g6 6. d5 Bg7 7. e4 exd5 8. exd5
O-O 9. Be2 c6 10. O-O Na6 11. Bf4 Re8 12. Rc1 Nc5 13. Re1 Nfe4 14. Nxe4 Nxe4
15. Rc2 cxd5 16. cxd5 Rc8 17. Bc4 Qf6 18. Bc1 Nd6 19. Rxe8+ Rxe8 20. Ba2 Ba6
21. Bg5 Qf5 22. Be3 Bd3 23. Rd2 Be4 24. Nd4 Bxd4 25. Bxd4 Qg5 26. g3 Bf3 27.
Qc1 Nf5 28. Bc3 Qg4 29. Qf1 Be4 30. Qd1 Bf3 31. Qf1 Be4 32. Qd1 Bf3 33. Qf1 Be4
1/2-1/2

[Event "4NCL/Div2c/BARY vs. CHED"]
[Site "Sunningdale ENG"]
[Date "2010.05.02"]
[Round "10.3"]
[White "Ynojosa, Felix Jose"]
[Black "Hawkins, Jonathan"]
[Result "0-1"]
[WhiteElo "2165"]
[BlackElo "2410"]
[PlyCount "110"]
[EventDate "2010.05.02"]
[SourceDate "2009.10.24"]

1. e4 e5 2. Bc4 Nf6 3. d3 c6 4. Nf3 d5 5. Bb3 Bd6 6. Nc3 dxe4 7. Ng5 O-O 8.
Ngxe4 Nxe4 9. Nxe4 Bf5 10. Qf3 Bxe4 11. dxe4 Nd7 12. Be3 Bc5 13. O-O Bxe3 14.
Qxe3 Qe7 15. Rad1 Nc5 16. Rd2 Rad8 17. Rfd1 Rxd2 18. Rxd2 Rd8 19. f3 b6 20. Bc4
Rxd2 21. Qxd2 b5 22. Be2 Ne6 23. c3 a5 24. Qe3 h5 25. g3 h4 26. Kf2 Qf6 27. Qb6
Ng5 28. Qxa5 Nxe4+ 29. Kg2 Ng5 30. Qa8+ Kh7 31. Qc8 g6 32. Qg4 h3+ 33. Kf2 Qd8
34. Ke1 Kg7 35. Qh4 f6 36. Qb4 Qb6 37. Qe7+ Nf7 38. Kf1 Qe3 39. Qd7 Qc1+ 40.
Bd1 Qxb2 41. Bb3 Qg2+ 42. Ke1 Qg1+ 43. Ke2 Qxh2+ 44. Kd3 Kh6 45. Qxf7 Kg5 46.
Qa7 e4+ 47. fxe4 Qxg3+ 48. Ke2 h2 49. Qc5+ Qe5 50. Qe3+ Qf4 51. Qc5+ Kg4 52.
Be6+ Kg3 53. c4 Qf3+ 54. Kd2 Qf2+ 55. Qxf2+ Kxf2 0-1

[Event "4NCL/Div2c/BARY vs. CHED"]
[Site "Sunningdale ENG"]
[Date "2010.05.02"]
[Round "10.4"]
[White "Bellin, Robert"]
[Black "Chapman, Terry PD"]
[Result "1-0"]
[WhiteElo "2373"]
[BlackElo "2231"]
[PlyCount "75"]
[EventDate "2010.05.02"]
[SourceDate "2009.10.24"]

1. e4 d6 2. Bc4 Nf6 3. d3 g6 4. Nc3 Bg7 5. f4 O-O 6. Nf3 c6 7. O-O d5 8. Bb3
Bg4 9. e5 Ne8 10. d4 f6 11. Be3 Nc7 12. h3 Bxf3 13. Rxf3 e6 14. exf6 Qxf6 15.
Ne2 Nd7 16. c3 Rae8 17. a4 a5 18. Nc1 b6 19. Nd3 Qe7 20. Ne5 Nxe5 21. fxe5 Rxf3
22. Qxf3 Rf8 23. Qe2 c5 24. Rf1 c4 25. Bc2 Rxf1+ 26. Qxf1 Qe8 27. Qf4 Qf8 28.
Qg5 Na6 29. h4 Qe8 30. g4 Bf8 31. h5 Be7 32. Qh6 Bf8 33. Qf4 Qf7 34. hxg6 hxg6
35. Qg5 Qf3 36. Qxg6+ Bg7 37. Qe8+ Bf8 38. Qxe6+ 1-0

[Event "4NCL/Div2c/BARY vs. CHED"]
[Site "Sunningdale ENG"]
[Date "2010.05.02"]
[Round "10.5"]
[White "Coleman, David J"]
[Black "Wallace, Paul A"]
[Result "0-1"]
[WhiteElo "2239"]
[BlackElo "2234"]
[PlyCount "80"]
[EventDate "2010.05.02"]
[SourceDate "2009.10.24"]

1. e4 e5 2. d4 exd4 3. Qxd4 Nc6 4. Qe3 g6 5. Nc3 Bg7 6. Bd2 Nge7 7. O-O-O O-O
8. Bc4 a6 9. h4 b5 10. Be2 b4 11. Nd5 Nxd5 12. exd5 Qf6 13. c3 Na7 14. Qc5 bxc3
15. Bxc3 Qf4+ 16. Bd2 Qa4 17. Qc4 Qxc4+ 18. Bxc4 Rb8 19. b3 Nb5 20. Ne2 d6 21.
Ba5 Bd7 22. Kd2 c6 23. Ke1 Rfe8 24. Kf1 Na3 25. Bd3 cxd5 26. Bc7 Rbc8 27. Bxd6
Nb5 28. Bb4 d4 29. Bc4 Be6 30. Bxe6 Rxe6 31. Rh3 Nc3 32. Rc1 Rec6 33. Nxc3 dxc3
34. Rc2 Rb8 35. Ba3 a5 36. Ke2 a4 37. b4 Rc4 38. Re3 Rxh4 39. b5 h5 40. Bb4
Rxb4 0-1

[Event "4NCL/Div2c/BARY vs. CHED"]
[Site "Sunningdale ENG"]
[Date "2010.05.02"]
[Round "10.6"]
[White "McKenna, Jason P"]
[Black "O'Toole, George E"]
[Result "1-0"]
[WhiteElo "2114"]
[BlackElo "2150"]
[PlyCount "99"]
[EventDate "2010.05.02"]
[SourceDate "2009.10.24"]

1. e4 e5 2. Nf3 Nc6 3. Bb5 a6 4. Ba4 Nf6 5. O-O Be7 6. Re1 b5 7. Bb3 O-O 8. h3
Bb7 9. d3 h6 10. a3 Re8 11. Nc3 Bf8 12. Be3 Na5 13. Ba2 c5 14. Nh4 c4 15. Nf5
d5 16. exd5 Nxd5 17. Nxd5 Qxd5 18. Qg4 Kh7 19. Bb6 Re6 20. Bxa5 Rg6 21. Ne3 Qc6
22. Qe4 Qd7 23. Qf5 Qxf5 24. Nxf5 Rxg2+ 25. Kf1 Bc5 26. Ne3 Rh2 27. Ke2 Rxh3
28. dxc4 Be4 29. Kd2 Ra7 30. Nd5 Bg6 31. Rxe5 Bxf2 32. Bb6 Bxb6 33. Nxb6 bxc4
34. Rae1 c3+ 35. bxc3 Rb7 36. Nd5 Rf3 37. Bb3 h5 38. c4 f6 39. Re7 Rxe7 40.
Rxe7 h4 41. c5 h3 42. Re2 Bf5 43. Ne3 Be4 44. Bd5 Bxd5 45. Nxd5 Rxa3 46. c6 Ra5
47. Ne7 Rc5 48. Rh2 g5 49. Rxh3+ Kg7 50. Rc3 1-0

[Event "4NCL/Div2c/BARY vs. CHED"]
[Site "Sunningdale ENG"]
[Date "2010.05.02"]
[Round "10.7"]
[White "Hodgson, John H"]
[Black "Jackson, Sheila"]
[Result "1/2-1/2"]
[WhiteElo "2181"]
[BlackElo "2160"]
[PlyCount "97"]
[EventDate "2010.05.02"]
[SourceDate "2009.10.24"]

1. e4 e5 2. Nf3 Nc6 3. Bb5 a6 4. Ba4 Nf6 5. O-O Be7 6. Re1 b5 7. Bb3 d6 8. c3
O-O 9. h3 Bb7 10. d4 Re8 11. Nbd2 Bf8 12. d5 Nb8 13. Nf1 h6 14. N3h2 Nbd7 15.
Ng4 Nc5 16. Nxf6+ Qxf6 17. Bc2 c6 18. b4 Nd7 19. dxc6 Bxc6 20. Bb3 Nb6 21. f3
Rac8 22. Be3 Nc4 23. Bf2 Bd7 24. Bxc4 Rxc4 25. Ne3 Rc6 26. Nd5 Qg6 27. Kh2 f5
28. a4 fxe4 29. fxe4 bxa4 30. Rxa4 Bc8 31. Qd3 Qf7 32. Bg1 Bb7 33. c4 Rcc8 34.
b5 axb5 35. cxb5 Ra8 36. Rf1 Qxf1 37. Qxf1 Rxa4 38. Qd3 Kh8 39. b6 Rc8 40. Qb5
Rxe4 41. Qd7 Rb8 42. Qc7 Bxd5 43. Qxb8 Kg8 44. Bf2 Re2 45. Kg1 Rb2 46. Qa7 Rb1+
47. Kh2 Rb2 48. Kg1 Rb1+ 49. Kh2 1/2-1/2

[Event "4NCL/Div2c/BARY vs. CHED"]
[Site "Sunningdale ENG"]
[Date "2010.05.02"]
[Round "10.8"]
[White "Bennett, Patrick J"]
[Black "Ynojosa, Angelica Maria"]
[Result "0-1"]
[WhiteElo "2093"]
[BlackElo "1753"]
[PlyCount "102"]
[EventDate "2010.05.02"]
[SourceDate "2009.10.24"]

1. d4 d5 2. Nf3 Nf6 3. c4 c6 4. g3 Bf5 5. Bg2 e6 6. O-O Be7 7. Qb3 Qc8 8. Nc3
O-O 9. Bf4 Nbd7 10. Rac1 dxc4 11. Qxc4 Nb6 12. Qb3 Qd7 13. e4 Bg6 14. Rfe1 Bh5
15. Rcd1 Rad8 16. h3 Qc8 17. g4 Bg6 18. Ne5 Rfe8 19. a4 Nbd7 20. Nxg6 hxg6 21.
Rc1 a5 22. d5 Nc5 23. Qc4 exd5 24. exd5 Bf8 25. Rxe8 Rxe8 26. dxc6 bxc6 27. Be3
Nfd7 28. Bxc5 Nxc5 29. Ne4 Nxe4 30. Bxe4 Re6 31. Bxc6 Bb4 32. Bd5 Qxc4 33. Rxc4
Re7 34. Kg2 Rd7 35. Rc8+ Kh7 36. b3 Rxd5 37. Rc2 Rd3 38. Rb2 Ba3 39. Rb1 Rd2
40. Kg3 Bb2 41. Kf3 Rd3+ 42. Ke4 Rxb3 43. h4 Rb4+ 44. Kf3 Bd4 45. Rh1 Rxa4 46.
h5 gxh5 47. Rxh5+ Kg6 48. Rd5 f6 49. Kg3 Be5+ 50. Kh4 Ra1 51. f4 Bxf4 0-1

[Event "4NCL/Div2c/AMCAD vs. PPA2"]
[Site "Sunningdale ENG"]
[Date "2010.05.02"]
[Round "10.1"]
[White "Croad, Nicolas"]
[Black "Richter, Hans S"]
[Result "1-0"]
[WhiteElo "2288"]
[BlackElo "2187"]
[PlyCount "75"]
[EventDate "2010.05.02"]
[SourceDate "2009.10.24"]

1. d4 d5 2. c4 e6 3. Nc3 Be7 4. cxd5 exd5 5. Nf3 Nf6 6. Bg5 c6 7. e3 Bf5 8.
Bxf6 Bxf6 9. Bd3 Bxd3 10. Qxd3 Nd7 11. b4 a6 12. a4 O-O 13. O-O Re8 14. b5 a5
15. Rab1 Nb6 16. Rfc1 Rc8 17. bxc6 bxc6 18. Ne2 Nc4 19. Nd2 Nxd2 20. Qxd2 Be7
21. Nf4 Bb4 22. Qd1 Bd6 23. Nd3 Re6 24. g3 Qg5 25. Qf1 h5 26. Rb6 Qd8 27. Rbxc6
Rxc6 28. Rxc6 h4 29. Nc5 Bxc5 30. Rxc5 hxg3 31. hxg3 Qg5 32. Qg2 Rd6 33. Qf3
Qg6 34. Rc8+ Kh7 35. Qh1+ Qh6 36. Qxh6+ Kxh6 37. Rc5 Rb6 38. Rxd5 1-0

[Event "4NCL/Div2c/AMCAD vs. PPA2"]
[Site "Sunningdale ENG"]
[Date "2010.05.02"]
[Round "10.2"]
[White "Winfridsson, Ola"]
[Black "Coates, Kenneth G"]
[Result "0-1"]
[WhiteElo "2133"]
[BlackElo "2220"]
[PlyCount "106"]
[EventDate "2010.05.02"]
[SourceDate "2009.10.24"]

1. d4 d5 2. c4 c6 3. Nf3 Nf6 4. e3 g6 5. Nc3 Bg7 6. Qb3 O-O 7. Bd2 Qb6 8. Qxb6
axb6 9. cxd5 cxd5 10. Bb5 Bd7 11. Bxd7 Nbxd7 12. Ke2 Rfc8 13. Rhc1 e6 14. a3
Bf8 15. Nb5 Rc6 16. Ne1 Ne8 17. Nd3 Nd6 18. Nxd6 Bxd6 19. Bb4 Bxb4 20. Nxb4
Rcc8 21. Kd2 Nf6 22. f3 Ne8 23. Rxc8 Rxc8 24. Rc1 Rxc1 25. Kxc1 Nd6 26. b3 Nf5
27. Nc2 h5 28. Kd2 Kf8 29. e4 dxe4 30. fxe4 Nd6 31. e5 Nf5 32. Kd3 Ke7 33. Ke4
Kd7 34. Nb4 h4 35. d5 exd5+ 36. Nxd5 Kc6 37. Nf4 Ng7 38. Kd4 g5 39. Nd3 Ne6+
40. Ke4 b5 41. Kf5 Kd5 42. Kf6 Kd4 43. Nf2 Nf4 44. Ng4 Kc3 45. Kxf7 Kxb3 46. g3
hxg3 47. hxg3 Ne2 48. e6 Nxg3 49. e7 Nf5 50. Ne3 Nxe7 51. Kxe7 Kxa3 52. Kd6 b4
53. Nc4+ Ka2 0-1

[Event "4NCL/Div2c/AMCAD vs. PPA2"]
[Site "Sunningdale ENG"]
[Date "2010.05.02"]
[Round "10.3"]
[White "Norman, Kenneth I"]
[Black "Doci, Stefan"]
[Result "1/2-1/2"]
[WhiteElo "2174"]
[BlackElo "2071"]
[PlyCount "135"]
[EventDate "2010.05.02"]
[SourceDate "2009.10.24"]

1. Nf3 c6 2. g3 d5 3. Bg2 Nf6 4. c4 Bf5 5. cxd5 cxd5 6. Qb3 Qc7 7. Nc3 e6 8. d3
Nc6 9. O-O Be7 10. Nb5 Qb8 11. Bf4 e5 12. Nxe5 Nxe5 13. d4 O-O 14. Bxe5 Qd8 15.
Nc7 Rc8 16. Nxd5 b6 17. Rac1 Ng4 18. Rxc8 Bxc8 19. Nxe7+ Qxe7 20. Bf4 Qxe2 21.
h3 Nf6 22. d5 Nd7 23. Bd6 Rd8 24. Qc3 Re8 25. Rc1 h6 26. Qd4 Nf6 27. Bf1 Qh5
28. Bb5 Bxh3 29. Qh4 Qxh4 30. gxh4 Rd8 31. Be7 Rxd5 32. Bc4 Rd4 33. Bxf6 gxf6
34. Bb3 Be6 35. Bxe6 fxe6 36. Rc7 Rg4+ 37. Kf1 Rxh4 38. Rxa7 Rb4 39. b3 h5 40.
Rb7 e5 41. Kg2 h4 42. Kh3 f5 43. Kg2 Rg4+ 44. Kh3 Rb4 45. Re7 Re4 46. f3 Kf8
47. Re6 Kf7 48. Rxb6 Re3 49. Kg2 Re2+ 50. Kh3 Rf2 51. Kxh4 Rxf3 52. Kg5 e4 53.
Rb5 Ke6 54. a4 e3 55. Rb8 Kd7 56. Rb5 Kd6 57. Rb8 e2 58. Re8 Rf2 59. a5 Kc6 60.
a6 Kb6 61. Re6+ Ka7 62. b4 f4 63. b5 f3 64. Kf4 Rf1 65. Re7+ Kb8 66. Re8+ Ka7
67. Re7+ Kb8 68. Re8+ 1/2-1/2

[Event "4NCL/Div2c/AMCAD vs. PPA2"]
[Site "Sunningdale ENG"]
[Date "2010.05.02"]
[Round "10.4"]
[White "Hutchinson, Norman A"]
[Black "Turner, Caius AW"]
[Result "1/2-1/2"]
[WhiteElo "2092"]
[BlackElo "2122"]
[PlyCount "108"]
[EventDate "2010.05.02"]
[SourceDate "2009.10.24"]

1. e4 d6 2. d4 Nf6 3. Nc3 g6 4. f4 Bg7 5. Nf3 c5 6. Bb5+ Bd7 7. Bxd7+ Nfxd7 8.
d5 Na6 9. O-O O-O 10. Kh1 Nc7 11. a4 a6 12. a5 b5 13. axb6 Nxb6 14. Na4 Rb8 15.
Nxb6 Rxb6 16. c3 Qd7 17. Nd2 Rbb8 18. Nc4 f5 19. exf5 Rxf5 20. Ne3 Rf7 21. Qa4
Qxa4 22. Rxa4 Rbf8 23. g3 g5 24. f5 h5 25. h3 Be5 26. Kg2 Rb8 27. Re4 Bf6 28.
Rf2 Rb5 29. Ra4 Rf8 30. Kf3 Rfb8 31. Ke4 Kf7 32. Nc4 Rg8 33. Rh2 Bh8 34. Rc2
Ne8 35. Rxa6 Nf6+ 36. Kf3 g4+ 37. hxg4 hxg4+ 38. Kg2 Rgb8 39. Rd2 Bg7 40. Rd1
Rb3 41. Ra7 R3b7 42. Ra4 Rh8 43. Bf4 Bf8 44. Ra8 Rh5 45. Bc1 Rxf5 46. Ne3 Rh5
47. Ra4 Bh6 48. b4 Bxe3 49. Bxe3 Rxd5 50. Rd2 cxb4 51. cxb4 Rdb5 52. Rd4 Rc7
53. Ra5 Rcb7 54. Bd2 Ke6 1/2-1/2

[Event "4NCL/Div2c/AMCAD vs. PPA2"]
[Site "Sunningdale ENG"]
[Date "2010.05.02"]
[Round "10.5"]
[White "Hart, David PO"]
[Black "McCorry, Robert T"]
[Result "1/2-1/2"]
[WhiteElo "2012"]
[BlackElo "2061"]
[PlyCount "61"]
[EventDate "2010.05.02"]
[SourceDate "2009.10.24"]

1. e4 e5 2. Nf3 Nc6 3. Bb5 a6 4. Ba4 Nf6 5. O-O b5 6. Bb3 Bc5 7. c3 d6 8. d4
Bb6 9. h3 h6 10. Re1 O-O 11. a4 Bb7 12. d5 Ne7 13. axb5 axb5 14. Rxa8 Bxa8 15.
Na3 c6 16. dxc6 Bxc6 17. Bc2 Qb8 18. Qe2 Ng6 19. Bd3 Nf4 20. Bxf4 exf4 21. Nxb5
Re8 22. Nbd4 Bxe4 23. Bxe4 Rxe4 24. Qb5 Rxe1+ 25. Nxe1 Qa7 26. Nef3 Nd7 27. Kf1
Qa1+ 28. Ke2 Bxd4 29. Nxd4 Ne5 30. Nf3 Qb1 31. Nxe5 1/2-1/2

[Event "4NCL/Div2c/AMCAD vs. PPA2"]
[Site "Sunningdale ENG"]
[Date "2010.05.02"]
[Round "10.6"]
[White "McMahon, Paul"]
[Black "Purdon, Colin"]
[Result "1/2-1/2"]
[WhiteElo "2043"]
[BlackElo "2067"]
[PlyCount "56"]
[EventDate "2010.05.02"]
[SourceDate "2009.10.24"]

1. Nc3 e5 2. Nf3 Nc6 3. d4 exd4 4. Nxd4 Nf6 5. Bg5 Bb4 6. Nxc6 bxc6 7. Qd4 Qe7
8. O-O-O Bxc3 9. Qxc3 Ne4 10. Bxe7 Nxc3 11. bxc3 Kxe7 12. e4 d6 13. Bc4 Be6 14.
Bb3 a5 15. Bxe6 Kxe6 16. Kd2 Rhb8 17. Rb1 Rb5 18. a4 Rb6 19. Rb3 Rxb3 20. cxb3
Rb8 21. Rb1 c5 22. f4 f5 23. Ke3 fxe4 24. Kxe4 d5+ 25. Ke3 Kf5 26. g3 Rb6 27.
Rb2 Rd6 28. Rd2 g6 1/2-1/2

[Event "4NCL/Div2c/AMCAD vs. PPA2"]
[Site "Sunningdale ENG"]
[Date "2010.05.02"]
[Round "10.7"]
[White "Tart, Peter K"]
[Black "Judkins, Brian D"]
[Result "1/2-1/2"]
[WhiteElo "2014"]
[BlackElo "1858"]
[PlyCount "37"]
[EventDate "2010.05.02"]
[SourceDate "2009.10.24"]

1. e4 e5 2. Nf3 Nf6 3. Nc3 Nc6 4. Bb5 Bb4 5. Nd5 Be7 6. Nxe7 Qxe7 7. Qe2 O-O 8.
c3 d6 9. d3 h6 10. h3 Bd7 11. O-O Rae8 12. Ba4 Nh7 13. g4 g5 14. Kh2 Kg7 15.
Bd2 Rh8 16. Rg1 Nf8 17. Rae1 Ng6 18. Bc2 f6 19. Rh1 1/2-1/2

[Event "4NCL/Div2c/AMCAD vs. PPA2"]
[Site "Sunningdale ENG"]
[Date "2010.05.02"]
[Round "10.8"]
[White "Mountford, Corinne"]
[Black "Holland, James P"]
[Result "0-1"]
[WhiteElo "1602"]
[BlackElo "1973"]
[PlyCount "60"]
[EventDate "2010.05.02"]
[SourceDate "2009.10.24"]

1. d4 d6 2. Nf3 Nd7 3. Bf4 g6 4. e3 Bg7 5. Be2 e5 6. Bg3 Ne7 7. h3 O-O 8. c4
Nf5 9. Bh2 exd4 10. exd4 Qf6 11. Bf4 Nxd4 12. Bg5 Nxf3+ 13. Bxf3 Qxg5 14. Nc3
Re8+ 15. Kf1 Bxc3 16. bxc3 Nb6 17. Be2 Be6 18. h4 Qc5 19. Kg1 Bxc4 20. Bf3 Bd5
21. Rc1 Bxf3 22. Qxf3 Qd5 23. Qf4 Re4 24. Qg3 h5 25. Rh3 Rg4 26. Qh2 Qd2 27.
Rf1 Re8 28. Kh1 Re1 29. Qg1 Rge4 30. Re3 Rxh4+ 0-1

[Event "4NCL/Div2c/KHE vs. WWKS1"]
[Site "Sunningdale ENG"]
[Date "2010.05.02"]
[Round "10.1"]
[White "McMichael, Richard J"]
[Black "Thomas, Nicholas"]
[Result "1/2-1/2"]
[WhiteElo "2286"]
[BlackElo "2291"]
[PlyCount "58"]
[EventDate "2010.05.02"]
[SourceDate "2009.10.24"]

1. d4 e6 2. Nf3 Nf6 3. e3 b6 4. Bd3 Bb7 5. Nbd2 c5 6. O-O Nc6 7. c3 cxd4 8.
exd4 Be7 9. Qe2 O-O 10. Nc4 d6 11. h3 Re8 12. Rd1 Qd7 13. Ne3 Bf8 14. Ng4 Nxg4
15. hxg4 g6 16. Ng5 Bg7 17. Be3 Ne7 18. Ne4 f5 19. Ng3 Qc6 20. d5 Nxd5 21. Bb5
Nxc3 22. Bxc6 Nxe2+ 23. Nxe2 Bxc6 24. Rxd6 Bd5 25. Nc3 Red8 26. Rxd8+ Rxd8 27.
gxf5 Bxc3 28. bxc3 gxf5 29. a4 Rd7 1/2-1/2

[Event "4NCL/Div2c/KHE vs. WWKS1"]
[Site "Sunningdale ENG"]
[Date "2010.05.02"]
[Round "10.2"]
[White "Mason, Donald J"]
[Black "Kwiatkowski, Feliks J"]
[Result "1-0"]
[WhiteElo "2223"]
[BlackElo "2242"]
[PlyCount "81"]
[EventDate "2010.05.02"]
[SourceDate "2009.10.24"]

1. d4 Nf6 2. c4 e6 3. Nf3 b6 4. g3 Ba6 5. Qc2 Bb4+ 6. Bd2 Be7 7. e4 d5 8. cxd5
Bxf1 9. Kxf1 exd5 10. e5 Ne4 11. Nc3 Nxd2+ 12. Qxd2 Qd7 13. Kg2 O-O 14. h4 Nc6
15. Rae1 Nd8 16. Qd3 Ne6 17. Ng5 g6 18. f4 Rad8 19. Nf3 Ng7 20. h5 Qf5 21. Qxf5
Nxf5 22. g4 Ng7 23. h6 Ne6 24. f5 Nf4+ 25. Kg3 Nd3 26. f6 Bb4 27. Re2 c5 28.
Nb5 Rd7 29. a3 a6 30. Nd6 Ba5 31. Rd1 c4 32. b4 Nxb4 33. axb4 Bxb4 34. Nxf7
Rdxf7 35. g5 Rb7 36. e6 Bd6+ 37. Kg4 Rc8 38. e7 Kf7 39. Ne5+ Bxe5 40. dxe5 Ke6
41. Rxd5 1-0

[Event "4NCL/Div2c/KHE vs. WWKS1"]
[Site "Sunningdale ENG"]
[Date "2010.05.02"]
[Round "10.3"]
[White "Spivack, Simon SY"]
[Black "Pitcher, John"]
[Result "1-0"]
[WhiteElo "2176"]
[BlackElo "2193"]
[PlyCount "67"]
[EventDate "2010.05.02"]
[SourceDate "2009.10.24"]

1. e4 c5 2. Nf3 e6 3. c3 d5 4. e5 d4 5. Bd3 Bd7 6. O-O Bc6 7. Re1 g5 8. Kh1 g4
9. Ng1 h5 10. Na3 Nh6 11. Qe2 Qd7 12. f3 Nf5 13. Bxf5 exf5 14. d3 Bd5 15. Bg5
Rg8 16. f4 Rxg5 17. fxg5 Nc6 18. g6 Bg7 19. gxf7+ Kxf7 20. c4 Be6 21. Qf2 Nxe5
22. Rad1 h4 23. Qxh4 Ng6 24. Qf2 Bh6 25. Nc2 f4 26. Ne2 Kg7 27. b4 b6 28. bxc5
bxc5 29. Rb1 Rd8 30. Rb5 Bxc4 31. Rxc5 Bxd3 32. Nexd4 Nf8 33. Nc6 Bg5 34. Rxg5+
1-0

[Event "4NCL/Div2c/KHE vs. WWKS1"]
[Site "Sunningdale ENG"]
[Date "2010.05.02"]
[Round "10.4"]
[White "Shephard, Chris CW"]
[Black "Thomas, Rik H"]
[Result "1-0"]
[WhiteElo "2206"]
[BlackElo "2220"]
[PlyCount "87"]
[EventDate "2010.05.02"]
[SourceDate "2009.10.24"]

1. c4 Nf6 2. Nc3 d6 3. e4 e5 4. Nge2 Be7 5. g3 O-O 6. Bg2 Nc6 7. O-O Nd7 8. d4
exd4 9. Nxd4 Nde5 10. b3 Nxd4 11. Qxd4 Bf6 12. Qd2 Bh3 13. Bb2 Bxg2 14. Kxg2
Nc6 15. Rad1 Re8 16. Rfe1 Qc8 17. Nd5 Bxb2 18. Qxb2 Ne7 19. Qd4 b6 20. Re3 Qb7
21. Rde1 f6 22. h4 Rad8 23. h5 c5 24. Qd1 Rd7 25. h6 Nxd5 26. exd5 Rde7 27.
Rxe7 Rxe7 28. hxg7 Kxg7 29. Qg4+ Kf8 30. Rh1 Qd7 31. Qf4 f5 32. Rh6 Re4 33.
Rxd6 Rxf4 34. Rxd7 Rd4 35. Rxa7 Rd2 36. Rb7 Rxa2 37. Rxb6 Rb2 38. Rb5 Ke7 39.
Rxc5 Rxb3 40. Rc7+ Kd6 41. Rxh7 Rc3 42. Rh6+ Ke5 43. Re6+ Kd4 44. Rc6 1-0

[Event "4NCL/Div2c/KHE vs. WWKS1"]
[Site "Sunningdale ENG"]
[Date "2010.05.02"]
[Round "10.5"]
[White "Stevenson, James AB"]
[Black "McCumiskey, Andrew P"]
[Result "1-0"]
[WhiteElo "2097"]
[BlackElo "2226"]
[PlyCount "91"]
[EventDate "2010.05.02"]
[SourceDate "2009.10.24"]

1. e4 d6 2. d4 g6 3. Nc3 Bg7 4. Be3 a6 5. f3 b5 6. Qd2 Nd7 7. h4 h5 8. O-O-O
Bb7 9. Nh3 Nb6 10. Bd3 b4 11. Ne2 a5 12. Ng5 e6 13. Nf4 Qd7 14. Rhe1 Ne7 15.
Kb1 Rc8 16. Qe2 Ra8 17. d5 e5 18. Bxb6 exf4 19. Bb5 c6 20. dxc6 Bxc6 21. Bc4
O-O 22. Qd3 Be5 23. Bd4 Rad8 24. Qb3 Bxd4 25. Bxf7+ Kh8 26. Rxd4 d5 27. Bxd5
Bxd5 28. exd5 Nf5 29. Rd3 Rde8 30. Ne6 Rf7 31. Qc4 Rc8 32. Qxf4 Qa4 33. b3 Qb5
34. Qe5+ Kg8 35. d6 Qc6 36. Nc5 Rd8 37. Ne4 a4 38. Nf6+ Kg7 39. Nxh5+ Kg8 40.
Nf6+ Kg7 41. Nd5+ Kh7 42. Nxb4 Qb7 43. Qd5 axb3 44. axb3 Nxd6 45. Qxb7 Nxb7 46.
Rxd8 1-0

[Event "4NCL/Div2c/KHE vs. WWKS1"]
[Site "Sunningdale ENG"]
[Date "2010.05.02"]
[Round "10.6"]
[White "Clarke, Brandon GI"]
[Black "Mackenzie, Colin"]
[Result "1-0"]
[WhiteElo "2058"]
[BlackElo "2120"]
[PlyCount "137"]
[EventDate "2010.05.02"]
[SourceDate "2009.10.24"]

1. e4 e6 2. d4 d5 3. Nc3 Bb4 4. e5 c5 5. a3 Bxc3+ 6. bxc3 Qc7 7. Qg4 f6 8. Nf3
c4 9. Be2 Qf7 10. O-O Nc6 11. Qg3 Nge7 12. exf6 gxf6 13. Nh4 Rg8 14. Qd6 Bd7
15. Qc7 b6 16. a4 Rc8 17. Qd6 Rd8 18. f4 Bc8 19. Qa3 f5 20. Re1 Kd7 21. g3 Kc7
22. Kf2 Ng6 23. Bh5 Qe7 24. Bxg6 Qxa3 25. Bxa3 hxg6 26. Nf3 Rde8 27. Ng5 Rg7
28. Re2 a5 29. Rae1 Nd8 30. Ke3 Nf7 31. h4 Nd6 32. Bxd6+ Kxd6 33. Kd2 Bd7 34.
Rb1 Kc7 35. Ra1 Rge7 36. Nf3 Rb8 37. Ne5 Be8 38. Ree1 Kd6 39. Reb1 Reb7 40. Ra2
Rh7 41. Kc1 Rhb7 42. Kd2 b5 43. axb5 Rxb5 44. Rba1 Ra8 45. Ke3 Kc7 46. Kf3 Kb6
47. g4 Ra7 48. Kg3 Rh7 49. Nf3 Re7 50. g5 Rh7 51. Re1 Re7 52. Ne5 Ka6 53. h5
gxh5 54. Kh4 Rbb7 55. g6 a4 56. Kxh5 Rh7+ 57. Kg5 Rhg7 58. Kf6 Ka5 59. Rg1 Bxg6
60. Rxg6 Rxg6+ 61. Kxg6 Rb3 62. Kf6 Rxc3 63. Kxe6 a3 64. Kxd5 Kb4 65. Nc6+ Kb5
66. Kd6 Rf3 67. d5 Ka4 68. Ke5 Rb3 69. d6 1-0

[Event "4NCL/Div2c/KHE vs. WWKS1"]
[Site "Sunningdale ENG"]
[Date "2010.05.02"]
[Round "10.7"]
[White "Coles, Steven F"]
[Black "Baruch, Andrew JD"]
[Result "1-0"]
[WhiteElo "2122"]
[BlackElo "2089"]
[PlyCount "121"]
[EventDate "2010.05.02"]
[SourceDate "2009.10.24"]

1. e4 Nf6 2. e5 Nd5 3. d4 d6 4. Nf3 g6 5. Bc4 c6 6. O-O dxe5 7. Nxe5 Bg7 8. c3
O-O 9. Re1 Be6 10. Nd2 Nd7 11. Nd3 Rc8 12. Bb3 Nc7 13. Ne4 b6 14. Bg5 Nd5 15.
Qd2 Rc7 16. Rad1 Bf5 17. Ng3 Be6 18. Nf4 Nxf4 19. Bxf4 Rb7 20. Bxe6 fxe6 21.
Rxe6 Nf6 22. Rde1 c5 23. Bh6 cxd4 24. Bxg7 Kxg7 25. cxd4 Rf7 26. Qg5 Qd5 27.
R6e5 Qxa2 28. Nf5+ Kf8 29. Nh6 Qxb2 30. Nxf7 Kxf7 31. Qe3 Qb4 32. d5 a5 33. Re6
Qc5 34. Qxc5 bxc5 35. Rc6 Rd7 36. Rxc5 Rxd5 37. Rxd5 Nxd5 38. Ra1 Nf6 39. Rxa5
Kg7 40. f3 Kf7 41. Kf2 Kg7 42. Ke3 Kf7 43. Kd4 Kg7 44. Ke5 Kf7 45. Ra7 Nh5 46.
Ra4 h6 47. Rh4 Kg7 48. Ke6 Kf8 49. Ra4 Ng7+ 50. Kd7 g5 51. Re4 e6 52. Rxe6 Nxe6
53. Kxe6 Kg7 54. Kf5 Kf7 55. g3 Kg7 56. f4 gxf4 57. gxf4 Kf7 58. h3 Kg7 59. Ke6
Kf8 60. Kf6 Kg8 61. Ke7 1-0